000 01179nam0a2200313 4500
001 RU\NLR\ONL2\5126
005 20250613125543.0
010 _a5-7761-1402-0
_93000
035 _a(NLR Aleph) 009652724
090 _a9577322
_c9577322
100 _a20060502d2005 |||y0rusy50 ca
101 0 _atat
_abak
102 _aRU
105 _ay |||||||||
200 1 _aМэхэббэтнамэ
_eДастандар, kиссалар, шигырзар
_dМохэббэтнамэ
_eПоэмалар, дастаннар, шигырьлэр
_f[Редкол.: Р. Т. Бикбаев h. б.
_gТоз.: Г. Котоева h. б.]
210 _aКазан
_cМэгариф
_d2005
215 _a319 б.
_d18
300 _aТекст на татар., башк. яз.
541 1 _aНа языке любви
_eПоэмы, дастаны и стихи.
_zrus
686 1 _aШ6(2=Тат)4/7-5
686 1 _aШ6(2=Баш)4/7-5
702 1 _aКотоева
_bГ. М.
_gГолназ Мират кызы
_4220
801 0 _aRU
_bNLR
_c20060502
_gPSBO
852 _aNLR
_bОНЛ
_jТатар./2-12017
942 _cBOOK
980 _aNB
980 _aONL_RF